| 000 | 00589nam a22001937a 4500 | ||
|---|---|---|---|
| 999 |
_c180487 _d180487 |
||
| 005 | 20210810130228.0 | ||
| 010 | _aENG-129720 | ||
| 020 |
_c295.00 _a978-93-90744-63-3 |
||
| 035 | _aEN-113252 | ||
| 037 | _bDBAD/PUB | ||
| 082 | _a000 | ||
| 100 | _aGupta's, R | ||
| 245 |
_aEMRS: _bPGT/TGT/ _cR. Gupta's |
||
| 250 | _a2022 | ||
| 260 |
_bRamesh Publishing House _c2022 _aNew Delhi |
||
| 270 |
_minfo@rameshpublishouse.com _a12-H, New Daryaganj Road, Opp. Officers' Mess _bNew Delhi _e110002 _k011-23261567 |
||
| 300 |
_a320 p. _c24cm (pbk) |
||
| 942 |
_2ddc _cEN _h000 _kGUP |
||